000 00826nam a2200253Ia 4500
001 dia_174
003 CHAP
005 20221208131624.0
008 220117s1976 xx 000 0 und d
010 _a170606
040 _cCHAP
082 _a331.763 B37 1976
100 _aBarbosa-Ramírez, A. René
_910125
245 _aEmpleo, desempleo y subempleo en el sector agropecuario : dos estudios de caso Sun-Valle de Toluca y Mixteca Baja /
_c A. René Barbosa Ramírez
260 _aMéxico :
_b Secretaría de Agricultura y Ganadería,
_c1976
300 _a367 p.
503 _aC/e
504 _aBibliografía: p. 361-367
650 _aDesempleo agropecuario
_9147476
901 _a331.763 B37 1976
902 _aM
905 _a0000001976 mx mn 0000000000spa00
942 _cLIBRO
_2ddc
999 _c170606
_d170606